Name The Muppets-Hard Mode - Statistics

General Stats
  • This quiz has been taken 186 times
    155 since last reset
  • The average score is 39 of 182
Answer Stats
Answer % Correct
Kermit the frog
98%
Miss Piggy
96%
Fozzie Bear
94%
Gonzo the Great
94%
Animal
78%
Beaker
76%
Sam Eagle
72%
Dr. Bunsen Honeydew
70%
Rizzo the Rat
68%
Janice
66%
Rowlf the dog
66%
Floyd Pepper
64%
Dr. Teeth
62%
Sweetums
62%
Andy Pig
60%
Randy Pig
60%
Scooter
60%
Waldorf
60%
Walter
60%
Annie Sue Pig
58%
Father pig
58%
Pepe the King Prawn
58%
Statler
58%
Zoot
58%
Robin the Frog
56%
Camilla the Chicken
54%
Big Bird
50%
Beauregard
46%
Bobo the Bear
46%
Swedish Chef
46%
Constantine
42%
Emily Bear
42%
Beth Bear
40%
Cecil Bear
40%
Edgar Bear
40%
Percival Bear
40%
Lips
38%
Oscar the Grouch
38%
Uncle Deadly
38%
Crazy Harry
36%
Ernie
36%
Bert
34%
Cookie Monster
34%
Lew Zealand
34%
Ghost of Christmas Past
32%
Ghost of Christmas Present
32%
Link Hogthrob
32%
Bean Bunny
30%
Clifford
28%
Ghost of Christmas Yet to Come
28%
Pops
28%
Headless Bill
26%
Thog
26%
80’s Robot
24%
The Muppet Newsman
24%
Billy Bunny
22%
Dr. Julius Strangepork
22%
Black Dog
20%
Foo Foo
20%
George the Janitor
20%
Mahna Mahna
20%
Marvin Suggs
20%
Miss Poogy
20%
Peter Cratchit
20%
Belinda Cratchit
18%
Hilda
18%
Betina Cratchit
16%
Gaffer the Cat
16%
Wayne
16%
Bubba the Rat
14%
Dead Tom
14%
Joe Snow
14%
Joe the Legal Weasel
14%
Kermit Moopet
14%
Lou
14%
Lubbuck Lou
14%
Old Joe
14%
Rowlf Moopet
14%
Wanda
14%
Afghan Hound
12%
Angel Marie
12%
Bad Polly
12%
Behemoth
12%
Clueless Morgan
12%
Doglion
12%
Gil the Frog
12%
Janice Moopet
12%
Jill the Frog
12%
Nigel
12%
Old Tom
12%
Real Old Tom
12%
Sopwith the Camel
12%
Timmy Monster
12%
Yolanda the Rat
12%
Aretha
10%
Beautiful Day Monster
10%
Big Bad Wolf
10%
Big Mean Carl
10%
Bill the Frog
10%
Chip
10%
Gramps
10%
Mr. Applegate
10%
Mrs. Dilber
10%
Richmond the Horse
10%
The Mutations
10%
Undertaker
10%
Elvis Elves
8%
Eugene the Tuba Player
8%
Horace D’Fly
8%
Howard Tubman
8%
Johnny Fiama
8%
Mean Mama
8%
Mr. Bitte
8%
Pigeon Dad
8%
Sal Minella
8%
Yoda
8%
Zeke
8%
Announcer
6%
Bobby Benson
6%
Cosmic Fish
6%
Droop
6%
Dr. Phil Van Neuter
6%
Fletcher Bird
6%
Gladys
6%
Jacques Roach
6%
Kermit’s mom
6%
Mad Monty
6%
Masterson the Rat
6%
Mr. Poodlepants
6%
Mulch
6%
Pigeon Mom
6%
Porcupine
6%
Royal Jeweler
6%
Seymour
6%
Slim Wilson
6%
Spa’am
6%
Spamela Hamderson
6%
Tatooey the Rat
6%
Termite
6%
Turtle
6%
Ubergonzo
6%
Arnie the Alligator
4%
Blind Pew
4%
Blotch the Bullfrog
4%
Calico
4%
Chester the Rat
4%
Chico the Frog
4%
Country Trio
4%
Croaker the Frog
4%
Fast Eddie
4%
Flower Eating Monster
4%
Frank the Dog
4%
Gordon Heap
4%
Hugga Wugga
4%
Iggy Wiggy
4%
Jack the Rabbit
4%
Louis Kazzager
4%
Luncheon Counter Monster
4%
Montague the Rat
4%
One Eyed Jack
4%
Pigeon Son
4%
Pilgrim the Dog
4%
Royal Jester
4%
Screaming Thing
4%
Shakes
4%
Spotted Dick
4%
Sundance
4%
The Birdman
4%
The Flying Zuchini Brothers
4%
The Muppaphones
4%
Thingy Thing
4%
Vicki the Snake
4%
Walleyed Pike
4%
Eugene the Mink
2%
Goggles the Toad
2%
Koozebanians
2%
Loyal Royal Advisor
2%
Mary Louise
2%
Mildred Huxtetter
2%
Roy the Frog
2%
Splurge
2%
No matching quizzes found
Score Distribution
Percent of People with Each Score
Percentile by Number Answered
Your Score History
You have not taken this quiz since the last reset